Statistics for name mostly every character in the TV show Charmed

Click here to take the quiz!

General Stats

  • This quiz has been taken 16 times
  • The average score is 16 of 31

Answer Stats

HintAnswer% Correct
the one above's
husband
Leo
100%
type "charmed fan" to
win
Charmed Fan
86%
Phoebe's first
husband
Cole
86%
youngest
sister
Paige
86%
sister who has
a column in the
paper
Phoebe
86%
sister who
got married
first
Piper
86%
witch they meet in
season 8 episode 1
Billie
71%
Prue's first boyfriendAndy
57%
sister of the aboveChristy
57%
second husbandCoop
57%
Piper's boyfriend/
neighbour
Dan
57%
first runner of magic
school
Gideon
57%
Paige's husbandHenry
57%
first demon they
vanquished
Jeremy
57%
mother of the
sisters
Patty
57%
oldest
sister
Prudence
57%
father of the
sisters
Victor
57%
demon of fearBarbas
43%
Piper's first bossChef Moore
43%
niece of the aboveJenny
43%
grandma of the
sisters
Penny
43%
demon that killed
Prue
Shax
43%
biggest demonThe Source
43%
demon that died in
the last episode of
season 7
Zankou
43%
Piper's bartender from
season 3
Abbey
29%
Cole's demon formBelthazar
29%
Prue's second bossClaire
29%
partner of the aboveDaryll
29%
assistant of the aboveHannah
29%
Paige's boss from
season 4-5
Bob Cowen
14%
Prue's boss at
Bucklands
Roger
14%

Score Distribution

Percentile by Number Answered

Percent of People with Each Score

Your Score History

You have not taken this quiz